| 000 | 00922nam a2200241 a 4500 | ||
|---|---|---|---|
| 001 | BRCA_1881 | ||
| 005 | 20190320203603.0 | ||
| 008 | 130608s1995----gw-a---###---#000-0#ger-# | ||
| 041 | _aspager | ||
| 044 | _agw | ||
| 050 | 4 |
_aTR820 _b.K46 1995 |
|
| 100 | 1 |
_aKempe, Fritz _95817 |
|
| 245 | 1 | 0 |
_aLa fotografía artística en Alemania hacia 1900 = Kunstfotografie um 1900 in Deutschland _cFritz Kempe ; traducción Antonio de Zubiaurre. |
| 260 |
_aAlemania _bInstitut für Auslandsbeziehungen _c[1995] |
||
| 300 |
_a63 p. _bil. _c30 cm. |
||
| 500 | _aCatálogo de la exposición realizada en el Museo Franz Mayer (Ciudad de México), 9 marzo - 28 mayo, 1995 | ||
| 546 | _aTexto en: español e inglés | ||
| 650 | 1 | 4 |
_aPeriodismo fotográfico _xHistoria _zAlemania _95818 |
| 651 | 4 |
_aAlemania _xHistoria _95819 |
|
| 700 | 1 |
_aZubiaurre, Antonio de _95820 |
|
| 740 | 0 | _aKunstfotografie um 1900 in Deutschland | |
| 942 |
_2lcc _cB |
||
| 999 |
_c1658 _d1658 |
||